Segundo congreso colombiano de zoología: Conocer, conservar y utilizar sosteniblemente la fauna de Colombia : (Registro nro. 5506)
[ vista simple ]
| 000 -CABECERA | |
|---|---|
| Campo de control | 01656nam a2200313 a 4500 |
| 005 - FECHA Y HORA DE LA ULTIMA TRANSACCION | |
| Campo de control | 20150904102421.0 |
| 008 - ELEMENTOS DE LONGITUD FIJA—INFORMACION GENERAL | |
| Campo de control | 141203b2006 ck ||||| |||| 00| 0 spa d |
| 020 ## - ISBN | |
| ISBN | 9789589769089 |
| 040 ## - FUENTE DE CATALOGACIÓN | |
| Agencia transcriptora | CO-BoIH |
| Agencia catalogadora original | CO-BoIAVH |
| 041 0# - IDIOMA | |
| Código de idioma para texto/pista de sonido o título separado | Español |
| 044 ## - PAÍS DE PUBLICACIÓN | |
| País de publicación | Colombia |
| 082 04 - NUMERO DE CLASIFICACION DECIMAL DEWEY | |
| Número de clasificación | 591 |
| Número del ítem | C65p1 |
| 090 ## - CLASIFICACIÓN LOCAL | |
| Colección | LB |
| Consecutivo | 04786 |
| 111 2# - ASIENTO PRINCIPAL--NOMBRE DE REUNION | |
| Nombre de reunión o de jurisdicción como elemento de entrada | Congreso Colombiano de Zoología |
| Lugar de la reunión | Santa Marta |
| Fecha de la reunión | noviembre, 2006 |
| Número de la parte/sección/reunión | II |
| 9 (RLIN) | 38194 |
| 245 10 - MENCION DE TITULO | |
| Título | Segundo congreso colombiano de zoología: Conocer, conservar y utilizar sosteniblemente la fauna de Colombia : |
| Parte restante del título | libro de resumenes |
| 260 ## - PUBLICACION, DISTRIBUCION, ETC. (PIE DE IMPRENTA) | |
| Lugar de publicación, distribución, etc. | Santa Marta, |
| Nombre del editor, distribuidor, etc. | Editorial Panamericana Formas e Impresos S.A., |
| Fecha de publicación, distribución, etc. | 2006. |
| 300 ## - DESCRIPCION FISICA | |
| Extensión | 572 páginas |
| Dimensiones | 28 cm. |
| Otros detalles físicos | ilustraciones y tablas. |
| 505 0# - NOTA DE CONTENIDO | |
| Nota de contenido | Simposio - Aracnología.<br/>Simposio - Conservación de las colecciones zoológicas.<br/>I Simposio colombiano de informática de la biodiversidad.<br/>Simposio - Acciones de investigación y conservación de los anfibios de Colombia.<br/>Simposio - Conservación de biodiversidad en paisajes rurales: aprendizajes en la cuenca media del río Barbas (Filandia, Quíndio)<br/>I Simposio colombiano de lepidopterología...<br/> |
| 650 #6 - ASIENTO SECUNDARIO DE MATERIA - TERMINO TEMATICO | |
| Término temático o nombre geográfico como elemento de entrada | Zoología |
| Subdivisión de forma | Congresos, conferencias, etc. |
| 9 (RLIN) | 38195 |
| 650 #6 - ASIENTO SECUNDARIO DE MATERIA - TERMINO TEMATICO | |
| Término temático o nombre geográfico como elemento de entrada | Diversidad biológica |
| Subdivisión de forma | Congresos, conferencias, etc. |
| Subdivisión geográfica | Colombia |
| 9 (RLIN) | 38196 |
| 650 #6 - ASIENTO SECUNDARIO DE MATERIA - TERMINO TEMATICO | |
| Término temático o nombre geográfico como elemento de entrada | Zoología |
| Subdivisión general | historia |
| Subdivisión geográfica | Colombia |
| 9 (RLIN) | 38197 |
| 650 #6 - ASIENTO SECUNDARIO DE MATERIA - TERMINO TEMATICO | |
| Término temático o nombre geográfico como elemento de entrada | Fauna silvestre |
| Subdivisión de forma | Congresos, conferencias, etc. |
| Subdivisión general | comercio |
| Subdivisión geográfica | Colombia |
| 9 (RLIN) | 38198 |
| 700 1# - ASIENTO SECUNDARIO - NOMBRE PERSONAL | |
| Nombre personal | Andrade C., M. Gonzalo |
| Término de relación | editor |
| 9 (RLIN) | 5380 |
| 700 1# - ASIENTO SECUNDARIO - NOMBRE PERSONAL | |
| Nombre personal | Aguirre C., Jaime |
| Término de relación | editor |
| 9 (RLIN) | 3749 |
| 700 1# - ASIENTO SECUNDARIO - NOMBRE PERSONAL | |
| Nombre personal | Rodríguez Mahecha, Jose Vicente |
| Término de relación | editor |
| 9 (RLIN) | 4290 |
| 700 1# - ASIENTO SECUNDARIO - NOMBRE PERSONAL | |
| Nombre personal | Rocha Campo, Martha |
| Término de relación | editor |
| 9 (RLIN) | 29634 |
| 942 ## - ELEMENTOS ADICIONALES (KOHA) | |
| Tipo de ítem | Libro |
| Sistema de clasificación | Dewey Decimal Classification |
| 945 ## - PROCESAMIENTO LOCAL | |
| AAAA-MM-DD - Fecha de ingreso o modificacion | . |
| Withdrawn status | Lost status | Sistema de Clasificación | Damaged status | No para préstamo | Colección | Inventariado | Ubicación Permanente | Ubicación actual | Fecha de adquisición | Fuente de Valor | Valor | Total Checkouts | Número topográfico | Inventario / Código de Barras | Date last seen | Ejemplar | Price effective from | Forma de adquisición | Tipo de material |
|---|---|---|---|---|---|---|---|---|---|---|---|---|---|---|---|---|---|---|---|
| Dewey Decimal Classification | General | Inventariado 2017 | Bogotá | Bogotá | 11/05/2007 | Instituto | 39000.00 | LB-591 C65p1 | 024083 | 04/12/2012 | Ej.1 | 04/12/2012 | Libro | ||||||
| Dewey Decimal Classification | General | Inventariado 2017 | Bogotá | Bogotá | 03/05/2010 | Instituto | 39000.00 | LB-591 C65p1 | 026971 | 04/12/2012 | Ej. 3 | 04/12/2012 | Libro | ||||||
| Dewey Decimal Classification | General | Inventariado 2017 | Bogotá | Bogotá | 04/09/2015 | Instituto | 39000.00 | LB-591 C65p1 | 038704 | 04/09/2015 | Ej. 1 | 04/09/2015 | Libro | ||||||
| Dewey Decimal Classification | General | Inventariado 2017 | Sala Fabio Quevedo | Sala Fabio Quevedo | 09/09/2015 | Instituto | 39000.00 | LB-591 C65p1 | 042152 | 09/09/2015 | Ej. 2 | 09/09/2015 | Libro |